[Event "Ferrol op 32th"]
[Site "Ferrol"]
[Date "2017.07.23"]
[Round "8"]
[White "Monteagudo Garcia, Maria Isabel"]
[Black "Santome Rodriguez Salas, Luis Ma"]
[Result "1-0"]
[WhiteElo "1312"]
[BlackElo "1369"]
[PlyCount "31"]
[EventDate "2017.07.16"]
[EventType "swiss"]
[EventRounds "9"]
[EventCountry "ESP"]
[SourceTitle "EXT 2024"]
[Source "ChessBase"]
[SourceDate "2023.10.10"]
[SourceVersion "1"]
[SourceVersionDate "2023.10.10"]
[SourceQuality "1"]

1. e4 c5 2. Nf3 e6 3. d4 cxd4 4. Nxd4 Nc6 5. Be3 g6 6. Nc3 Bg7 7. g4 a6 8. g5 f6 9. h4 Nxd4 10. Bxd4 e5 11. Be3 fxg5 12. h5 gxh5 13. Qxh5+ Kf8 14. Bc4 Qe8 15. Bc5+ Ne7 16. Qf3+ 1-0

[Event "Ferrol op 32th"]
[Site "Ferrol"]
[Date "2017.07.20"]
[Round "5"]
[White "Monteagudo Garcia, Maria Isabel"]
[Black "Castelo, Jose Luis"]
[Result "1-0"]
[WhiteElo "1312"]
[BlackElo "1580"]
[PlyCount "57"]
[EventDate "2017.07.16"]
[EventType "swiss"]
[EventRounds "9"]
[EventCountry "ESP"]
[SourceTitle "EXT 2024"]
[Source "ChessBase"]
[SourceDate "2023.10.10"]
[SourceVersion "1"]
[SourceVersionDate "2023.10.10"]
[SourceQuality "1"]

1. e4 c5 2. Nf3 d6 3. d4 cxd4 4. Nxd4 Nf6 5. Nc3 a6 6. f3 g6 7. Be3 Bg7 8. g4 0-0 9. h4 b5 10. h5 b4 11. Nd5 Nxd5 12. exd5 Bb7 13. hxg6 fxg6 14. Ne6 Qc8 15. Nxf8 Qxf8 16. Bd4 Bxd4 17. Qxd4 Qxf3 18. Rh3 Qxd5 19. Bc4 e6 20. Bxd5 Bxd5 21. 0-0-0 Nc6 22. Qf4 Rf8 23. Qxd6 a5 24. Rhd3 b3 25. Rxd5 bxa2 26. Qa3 exd5 27. Qxa2 Kg7 28. Qxd5 Rc8 29. Qd7+ 1-0